书目信息 |
| 题名: |
婚姻 收养 继承常见法律问题及纠纷解决法条速查与文书范本
|
|
| 作者: | ;法律出版社法规中心 编 | |
| 分册: | ||
| 出版信息: | 北京 法律出版社 2018 |
|
| 页数: | 271页 | |
| 开本: | 23cm | |
| 丛书名: | ||
| 单 册: | ||
| 中图分类: | D923.904 , D926.13 | |
| 科图分类: | ||
| 主题词: | 婚姻法--基本知识--中国 , 婚姻法--法律文书--范文--中国 , 收养法--基本知识--中国 , 收养法--法律文书--范文--中国 , 继承法--基本知识--中国 , 继承法--法律文书--范文--中国 | |
| 电子资源: | ||
| ISBN: | 978-7-5197-1844-2 | |
| 000 | 01226nam0 2200325 450 | |
| 001 | 012001004569 | |
| 005 | 20180929092634.04 | |
| 010 | @a978-7-5197-1844-2@dCNY48.00 | |
| 100 | @a20180612d2018 em y0chiy50 ea | |
| 101 | 0 | @achi |
| 102 | @aCN@b110000 | |
| 105 | @ay z 001yy | |
| 106 | @ar | |
| 200 | 1 | @a婚姻 收养 继承常见法律问题及纠纷解决法条速查与文书范本@9hun yin shou yang ji cheng chang jian fa lv wen ti ji jiu fen jie jue fa tiao su cha yu wen shu fan ben@f法律出版社法规中心编 |
| 205 | @a2版 | |
| 210 | @a北京@c法律出版社@d2018 | |
| 215 | @a271页@d23cm | |
| 300 | @a法条速查文书范本系列 | |
| 330 | @a本书根据常见婚姻、收养、继承法律问题,收录现行有效的相关法律法规和常用文书范本,精要解读,易于检索,以便广大读者充分利用法律文书实现自身合法权益。 | |
| 606 | 0 | @a婚姻法@x基本知识@y中国 |
| 606 | 0 | @a婚姻法@x法律文书@x范文@y中国 |
| 606 | 0 | @a收养法@x基本知识@y中国 |
| 606 | 0 | @a收养法@x法律文书@x范文@y中国 |
| 606 | 0 | @a继承法@x基本知识@y中国 |
| 606 | 0 | @a继承法@x法律文书@x范文@y中国 |
| 690 | @aD923.904@v5 | |
| 690 | @aD926.13@v5 | |
| 711 | 02 | @a法律出版社法规中心@9fa lv chu ban she fa gui zhong xin@4编 |
| 801 | 0 | @aCN@b上海新华@c20180901 |
| 905 | @b1166482-6@dD923.904@e2017=2@f5 | |
| 婚姻 收养 继承常见法律问题及纠纷解决法条速查与文书范本/法律出版社法规中心编.-2版.-北京:法律出版社,2018 |
| 271页;23cm |
| 法条速查文书范本系列 |
| ISBN 978-7-5197-1844-2:CNY48.00 |
| 本书根据常见婚姻、收养、继承法律问题,收录现行有效的相关法律法规和常用文书范本,精要解读,易于检索,以便广大读者充分利用法律文书实现自身合法权益。 |
| ● |
| 相关链接 |
|
|
|
|
正题名:婚姻 收养 继承常见法律问题及纠纷解决法条速查与文书范本
索取号:D923.904/2017=2
 
预约/预借
| 序号 | 登录号 | 条形码 | 馆藏地/架位号 | 状态 | 备注 |
| 1 | 1166482 | 211664821 | 第一样本阅览室/ [索取号:D923.904/2017=2] | 在馆 | |
| 2 | 1166483 | 211664830 | 第一借阅区/ [索取号:D923.904/2017=2] | 在馆 | |
| 3 | 1166484 | 211664849 | 第一借阅区/ [索取号:D923.904/2017=2] | 在馆 | |
| 4 | 1166485 | 211664858 | 第一借阅区/ [索取号:D923.904/2017=2] | 在馆 | |
| 5 | 1166486 | 211664867 | 密集书库-史法系/ [索取号:D923.904/2017=2] | 在馆 |